Revisions to Part L (Record no. 117887)

MARC details
000 -LEADER
fixed length control field 01215cam a2200217 4500
001 - CONTROL NUMBER
control field WB@3612-97
008 - FIXED-LENGTH DATA ELEMENTS--GENERAL INFORMATION
fixed length control field 040824n2004 000 0 eng u
035 ## - SYSTEM CONTROL NUMBER
System control number (Sirsi) u127148
245 ## - TITLE STATEMENT
Title Revisions to Part L
260 ## - PUBLICATION, DISTRIBUTION, ETC.
Date of publication, distribution, etc. 2004
490 ## - SERIES STATEMENT
Series statement BRE Press Release
Volume/sequential designation 22 August 2004 (3)
520 ## - SUMMARY, ETC.
Summary, etc. Two-and-a-half years on from the last revisions to Part L of the Building Regulations, the industry has been invited to comment on further suggested changes to them, and recommendations regarding the implementation of the Energy Performance of Buildings Directive (2002/91/EC). The BRE has reviewed the consultation proposals and largely welcomes them although it has a few concerns regarding the reliance placed on the Housing Bill and the Secure and Sustainable Buildings Act 2004. To view the full response from the BRE go to the website. http://www.bre.co.uk/news.jsp?id=242
590 ## - LOCAL NOTE (RLIN)
Local note WB
590 ## - LOCAL NOTE (RLIN)
Local note WB
650 ## - SUBJECT ADDED ENTRY--TOPICAL TERM
Topical term or geographic name entry element BUILDING REGULATIONS 2000 APPROVED DOCUMENT L1 (2002 EDITION)
650 ## - SUBJECT ADDED ENTRY--TOPICAL TERM
Topical term or geographic name entry element BUILDING REGULATIONS 2000 APPROVED DOCUMENT L2 (2002 EDITION)
650 ## - SUBJECT ADDED ENTRY--TOPICAL TERM
Topical term or geographic name entry element ENERGY-EFFICIENCY
650 ## - SUBJECT ADDED ENTRY--TOPICAL TERM
Topical term or geographic name entry element CARBON EMISSIONS
690 ## - LOCAL SUBJECT ADDED ENTRY--TOPICAL TERM (OCLC, RLIN)
Topical term or geographic name as entry element BUILDING AND CONSTRUCTION-REGULATION AND CONTROL
942 ## - ADDED ENTRY ELEMENTS (KOHA)
Suppress in OPAC 0
Holdings
Withdrawn status Lost status Source of classification or shelving scheme Damaged status Not for loan Home library Current library Shelving location Date acquired Total Checkouts Full call number Barcode Date last seen Copy number Price effective from Koha item type
    Dewey Decimal Classification     London London News article 24/08/2004   WB4033-03 127148-1001 06/08/2019 1 06/08/2019 News article